LEADER 01163nam a2200265 i 4500 001 000000192740 003 CaOOAMICUS 005 20101110000000.0 008 101110s2008 it u000 u ita u 013 $a171365 020 $a978-88-13-29611-7 040 $aSeMil$bita 100 1 $aBertolini, Giacomo <1972- >.$0(OLS)http://semarc/name/10652 245 13$aIl dibattito contemporaneo /$cGiacomo Bertolini. 260 $aPadova :$bCEDAM,$c2008. 300 $aXII, 277 p. ;$c24 cm. 490 0 $aDiritto canonico, diritto ecclesiastico ;$v13 773 0 $aBertolini, Giacomo <1972- >$tIntenzione coniugale e sacramentalità del matrimonio.$dPadova : CEDAM, 2008.$g1$w()23943 830 0$aDiritto canonico, diritto ecclesiastico ;$v13.$0(OLS)http://semarc/title/31956 850 $aSeMil 852 $aSeMil$W1$xVenegono$y1$m2H III 69$j143315$B143315$CSeMilBibl$Z2$F157473 $81 961 $aAcquisto: L.S. srl 996 $6020$a978-88-13-29611-7$9(OLS)http://semarc/number/184042 996 $6245$aIl dibattito contemporaneo$9(OLS)http://semarc/title/277837 996 $6260$aPadova :$bCEDAM$9(OLS)http://semarc/publisher/30274 LEADER 01174nam a2200289 i 4500 001 000000115278 003 CaOOAMICUS 005 20100428000000.0 008 100428s1999 it u000 u ita u 013 $a87967 020 $a88-384-4541-9 040 $aSeMil$bita 100 1 $aTettamanzi, Dionigi,$c.$0(OLS)http://semarc/name/89456 245 10$aAnno di Grazia tempo di gioia :$bmeditazione cristiana sul Giubileo /$cDionigi Tettamanzi. 250 $a2. ed. 260 $aCasale Monferrato (AL) :$bPiemme,$c1999. 300 $a211 p. ;$c21 cm. 490 0 $aPiemme Religione 500 $aOmaggio Card. Dionigi Tettamanzi. 830 0$aPiemme religione.$0(OLS)http://semarc/title/6030 850 $aSeMil 852 $aSeMil$W1$xVenegono$y1$m2F III 262$j70809$B70809$CSeMilBibl$Z2$F75475 $81 941 1 $a5 961 $aOmaggio: Tettamanzi Card. Dionigi 996 $6020$a88-384-4541-9$9(OLS)http://semarc/number/99004 996 $6245$aAnno di Grazia tempo di gioia :$bmeditazione cristiana sul Giubileo$9(OLS)http://semarc/title/168798 996 $6260$aCasale Monferrato (AL) :$bPiemme$9(OLS)http://semarc/publisher/30052